Największe miasta Krajny - Statystyki

Ogólne statystyki
  • Ten quiz został rozwiązany 6 razy
  • Średni wynik to 9 z 15
Statystyki odpowiedzi
# Województwo Populacja Powierzchnia Miasto % Poprawnych
3 kujawsko-pomorskie 18 189 10,62 km² Nakło nad Notecią
100%
1 wielkopolskie 72 184 102,68 km² Piła
100%
2 wielkopolskie 18 441 11,58 km² Złotów
100%
8 kujawsko-pomorskie 4 332 4,01 km² Mrocza
80%
4 kujawsko-pomorskie 9 093 6,55 km² SępólnoKrajeńskie
80%
5 kujawsko-pomorskie 5 965 4,31 km² Więcbork
80%
7 pomorskie 5 017 7,52 km² Debrzno
60%
14 kujawsko-pomorskie 2 364 3,65 km² KamieńKrajeński
60%
10 wielkopolskie 3 733 3,76 km² Krajenka
60%
11 wielkopolskie 2 977 3,25 km² Łobżenica
40%
15 wielkopolskie 1 080 1,93 km² MiasteczkoKrajeńskie
40%
6 wielkopolskie 5 174 4,12 km² Wyrzysk
40%
12 wielkopolskie 2 904 16,55 km² Kaczory
20%
9 wielkopolskie 3 750 5,78 km² Ujście
20%
13 wielkopolskie 2 703 4,82 km² Wysoka
20%
Nie znaleziono quizów pasujących do podanych kryteriów
Rozkład punktacji
Procent ludzi z każdym wynikiem
Percentyl według liczby udzielonych odpowiedzi
Twoja historia wyników
Nie rozwiązałeś tego quizu